| 000 | 00000nam##2200000za#4500 |
| 001 | 9.604303 |
| 003 | CaOODSP |
| 005 | 20210624211513 |
| 007 | cr ||||||||||| |
| 008 | 150406|2001||||xxc|||||o f|0| 0 fre|d |
| 040 | |aCaOODSP|bfre |
| 043 | |an-cn--- |
| 086 | 1 |aEn49-24/1-38F-PDF |
| 110 | 1 |aCanada. |bEnvironnement Canada. |
| 245 | 10|aDocument d'orientation pour les mesures de débit des effluents de mines de métaux : |h[ressource électronique]|brapport final / |c[par Eric Luxon, Donald Weatherbe, Robert Whyte]. |
| 260 | |aOttawa - Ontario : |bEnvironnement Canada |cAvril 2001. |
| 300 | |a39p.|bfigures, carte, références, tableau |
| 490 | 1 |aSérie de la protection de l'environnement. [Exploitation minière et traitement des minéraux]|vSPE 2/MM/4 |
| 500 | |aLe nº de catalogue (En49-24/1-38E) et l'ISBN (0-660-96390-6) copiés dans cette édition électronique sont incorrects. |
| 590 | |a12-29-Supp|b2012-06-25 |
| 691 | 07|aEaux usées|2gcpds |
| 691 | 07|aIndustrie minière|2gcpds |
| 691 | 07|aPollution de l'eau|2gcpds |
| 720 | 1 |aLuxon, Eric |
| 720 | 1 |aWeatherbe, Donald |
| 720 | 1 |aWhyte, Robert |
| 775 | 08|tGuidance document for flow measurement of metal mining effluents : |w(CaOODSP)9.574561 |
| 776 | 0#|tGuidance document for flow measurement of metal mining effluents / |w(CaOODSP)9.535766 |
| 776 | 0#|tDocument d'orientation pour les mesures de débit des effluents de mines de métaux / |w(CaOODSP)9.535767 |
| 830 | #0|aSérie de la protection de l'environnement. [Exploitation minière et traitement des minéraux]|vSPE 2/MM/4|w(CaOODSP)9.500910 |
| 856 | 40|ahttp://publications.gc.ca|qPDF|s566 Ko|uhttps://publications.gc.ca/collections/Collection/En49-24-1-38F.pdf|ySPE 2/MM/4 |